000 00698nam a22002417a 4500
001 87068
003 UA-OsUOA
005 20200423182342.0
007 ta
008 20120914b un ||||| |||| 00| 0 ukr d
040 _aUA-OsUOA
_brus
_cUA-OsUOA
_dUA-OsUOA
041 _arus
080 _a82.09
090 _a82.09
_bД79
100 _aДубинская А.
245 _aН. А. Некрасов: очерк жизни и творчества
260 _aМ.
_bАН СССР
_c1954
300 _a319 с.
650 7 _a82 Література. Літературознавство
_2UDC
942 _cBK
_2udc
955 _a1
999 _c373313
_d373313